[Event "EU-Cup 18th"]
[Site "Kallithea"]
[Date "2002.09.26"]
[Round "5.3"]
[White "Degraeve, Jean Marc"]
[Black "Lampen, Timo"]
[Result "0-1"]
[WhiteElo "2586"]
[BlackElo "2315"]
[Annotator "Finkel,A"]
[PlyCount "58"]
[EventDate "2002.09.22"]
[EventType "team-swiss"]
[EventRounds "7"]
[EventCountry "GRE"]
[SourceTitle "CBM 092"]
[Source "ChessBase"]
[SourceDate "2003.02.06"]
[SourceVersion "1"]
[SourceVersionDate "2003.02.06"]
[SourceQuality "1"]
[WhiteTeam "Clichy Echecs 92"]
[BlackTeam "Joensuu"]
[WhiteTeamCountry "FRA"]
[BlackTeamCountry "FIN"]

1. e4 e6 2. d4 d5 3. Nc3 Nf6 4. e5 Nfd7 5. f4 c5 6. Nf3 Nc6 7. Be3 cxd4 8. Nxd4
Qb6 {Extremly sharp variation with unclear consequences: white gets a very
strong initiative, but black's position is rock-solid and from both sides is
required accurated play, becuse each mistake my become the lethal one.} 9. Qd2
Qxb2 10. Rb1 Qa3 11. Bb5 Nxd4 12. Bxd4 Bb4 13. O-O (13. Rb3 Qa5 14. O-O (14. a3
Be7 15. f5 (15. Qe3 $5 O-O 16. O-O Qc7 17. f5 Bc5 18. Bxd7 Bxd4 19. Qxd4 Bxd7
20. f6 $40 {De Firmian,N-Kaidanov,G/Lexington 1995}) 15... exf5 16. Nxd5 Bh4+
17. Ke2 (17. Kd1 Qd8 $2 18. Nf6+ $3 gxf6 19. exf6 O-O 20. Rg3+ $1 Kh8 21. Qh6
Rg8 22. Rg7 Nf8 {1-0 De Firmian,N-Huebner,R/Polanica Zdroj (07) ;CBM 49 1995})
17... Qxd2+ 18. Kxd2 Bd8 19. Rg3 (19. Rc3 $6 a6 20. Bd3 Nf8 21. Bb6 Be6 22.
Nc7+ Bxc7 23. Bxc7 g6 24. g4 Bd5 25. Rg1 f4 $17 {0-1 Sahu,S-Singh,G/Calcutta
op (06) ;EXP 50 1996 (45)}) 19... a6 20. Bxd7+ Bxd7 21. Rxg7 Be6 $13 {Nijboer,
F-Kuijf,M/Wijk-B 1996}) 14... O-O 15. Qe3 (15. Qf2 $5 f6 (15... f5 16. Rfb1 Be7
17. Bxd7 Bxd7 18. Rxb7 $16 {Luther,T-Zueger,B/Mitropa Cup 1991}) (15... Nb6 16.
g4 $1 Nc4 17. f5 a6 18. f6 $1 $16) 16. Bxd7 Bxd7 17. exf6 gxf6 18. Rfb1 Bd6 19.
Qg3+ $40 {Kruppa,Y-Nikolenko,O/Spring op 1990}) 15... Nb6 (15... f5 16. exf6
Nxf6 17. f5 $5 exf5 18. Bxf6 Rxf6 19. Nxd5 Re6 20. Qd3 $13 {Simacek,P-Williams,
S/EU-chJM U16 1995}) 16. Kh1 (16. Qg3 Nc4 $11 {Ivanchuk,V-Dreev,A/Biel izt 1993
}) 16... Rd8 17. f5 $5 exf5 18. e6 Bxe6 19. Qg5 $2 Bf8 $19 {Sedlak,
N-Marjanovic,S/Subotica 2000}) 13... a6 14. Rb3 Qa5 15. Rfb1 Be7 16. Bxd7+ Bxd7
17. Rxb7 Rc8 18. Qe3 {Intending to meet Bc5 with Ne2.} (18. Kh1 Bc5 19. Bxc5
Rxc5 20. R1b4 O-O 21. Qd4 Bc8 22. Rb8 Rc7 $13 {Grabics,M-Blauert,J/Budapest
1997}) 18... Rc4 (18... Bc5 19. Ne2 Bxd4 20. Nxd4 Qc5 21. f5 $1 $40 {Enders,
P-Proehl,H/Binz 1994}) 19. f5 (19. Kh1 Bd8 20. Qd3 Bc8 21. Rb8 O-O 22. Ne4 Qa4
23. Nc3 Qc6 24. R8b2 $13 {1/2-1/2 Kruppa,Y-Rogulj,B/Oberwart 1995/EXT 2001 (24)
}) 19... exf5 20. Kh1 $6 {Untill this move everything was played in the past.
However white decides to refrain from taking on d7 which braught white an easy
win in the following game:} (20. Rxd7 $1 Kxd7 21. Rb7+ Ke8 22. e6 $40 Qa3 23.
Rb8+ Bd8 24. Qg5 Qd6 25. exf7+ Kd7 26. Qxf5+ Kc6 27. Qc8+ {1-0 Soffer,
R-Blauert,J/Budapest 1998/EXT 99 (27)}) 20... Be6 $1 {After this move the
position is not perfectly clear becasue it's not so simple to get to the black
king.} (20... Bc8 $6 21. Rxe7+ Kxe7 22. Qg5+ Kd7 23. e6+ $18) 21. Rb8+ Bc8 22.
e6 (22. R1b7 $5) 22... O-O $1 $13 23. exf7+ Rxf7 24. R1b7 (24. Qe6 Qd8 25. Nxd5
Bxe6 26. Nxe7+ Rxe7 27. Rxd8+ Kf7 28. c3 Ra4 $17 {[%csl Ra2]}) 24... Qd8 25.
Nxd5 Qxd5 $6 (25... Bg5 $1 26. Rxf7 Bxe3 27. Rxg7+ Kf8 $19) 26. Rxe7 Rxc2 27.
Qd2 $2 {Missing a draw after} (27. Re8+ Rf8 28. Rxf8+ Kxf8 29. Qg5 $1 Ke8 (
29... Qxd4 30. Qxf5+ $18 {[%csl Rc2]}) 30. Qxg7 Rc1+ 31. Bg1 Rxg1+ 32. Kxg1
Qd1+ 33. Kf2 Qd2+ 34. Kf3 Qd3+ $11) 27... Qc6 $19 28. Re8+ Rf8 29. Rxf8+ Kxf8
0-1

[Event "RUS-Cup7"]
[Site "Kstovo"]
[Date "1997.05.05"]
[Round "5"]
[White "Dolmatov, Sergey"]
[Black "Volkov, Sergey"]
[Result "1/2-1/2"]
[WhiteElo "2560"]
[BlackElo "2480"]
[Annotator "Finkel,A"]
[PlyCount "39"]
[EventDate "1997.05.01"]
[EventType "swiss"]
[EventRounds "9"]
[EventCountry "RUS"]
[SourceTitle "CBM 059"]
[Source "ChessBase"]
[SourceDate "1997.08.01"]
[SourceVersion "1"]
[SourceVersionDate "1997.08.01"]
[SourceQuality "1"]

1. e4 e6 2. d4 d5 3. Nc3 Nf6 4. e5 Nfd7 5. f4 c5 6. Nf3 Nc6 7. Be3 cxd4 8. Nxd4
Qb6 9. Qd2 Qxb2 10. Rb1 Qa3 11. Bb5 Ndb8 $5 {As shows the following game this
move has a full right to exist.It leads to a very complicated position,where
black's chances should not be underestimated.} (11... Nxd4 {The most popular
reply,which also leads to extremly complicated and interesting position with
mutual chances.} 12. Bxd4 Qa5 $5 (12... Bb4) 13. f5 exf5 14. Qe3 $1 f4 $1 (
14... Bb4 $6 15. O-O Bxc3 16. e6 $5 (16. Bxc3 $5 $16) 16... fxe6 17. Bxc3 Qa3
18. Qxe6+ Qe7 19. Qxf5 $1 Qe3+ 20. Kh1 Qxc3 21. Qg5 $1 $18) 15. Qxf4 Bc5 16. e6
(16. O-O $2 Qxc3) 16... fxe6 17. Bxg7 Rf8 $1 $13 {Fontane,R-Vidovic,S/Cala
Galdana b-16 1996 (23)}) (11... Na5 $2 12. f5 Kd8 13. Bg5+ Be7 14. fxe6 Nxe5
15. Nf5 $16 {Seret,J-Mercier,J/France (ch) 1985 (20)}) 12. f5 $5 (12. O-O a6
13. Bxc6+ $5 (13. f5 $5 axb5 14. fxe6 Bxe6 15. Nxe6 fxe6 16. Nxb5 Qa5 17. Qf2
Nxe5 18. Bb6 Qa4 19. Bc5 Bxc5 $5 (19... Ra5 $2 20. Bxf8 Rxb5 21. Rxb5 Qxb5 22.
Bxg7 Rg8 23. Bxe5 {1-0 Poluliakhov,A-Ivanov,O/URS 1989}) 20. Qxc5 Nbc6 21. Nd6+
$11 Kd8 22. Nxb7+ Ke8 23. Nd6+ Kd8 24. Nb7+ Ke8 25. Nd6+ Kd8 {1/2-1/2 Nordholz,
T-Boehm,J/RLNS 1988}) (13. Rb3 Qe7 (13... Qa5 $5) 14. Bxc6+ Nxc6 15. Nxc6 bxc6
16. Na4 Qc7 17. Bb6 (17. Rfb1 $1 $36) 17... Qd7 18. Nc5 $14 {0-1 Rause,
O-Eidelson,R/Moscow ol 1994 (32)}) 13... bxc6 14. Rb3 Qa5 15. Rxb8 $1 Rxb8 16.
Nxc6 Qc7 17. Nxb8 Qxb8 18. Rb1 $14 {Chandler,M-Klinger,J/Vienna op 1986 (24)})
12... Bb4 13. Rb3 Qa5 14. O-O (14. fxe6 $5 Bxe6 15. Nxe6 fxe6 16. O-O Nd7 17.
Rfb1 $44) 14... exf5 $5 15. Rfb1 f4 (15... O-O $6 16. Rxb4 $1 Nxb4 17. Nxd5 a6
18. Rxb4 $1 axb5 19. Nb3 $1 $40) 16. Rxb4 (16. Bxf4 $5 Bc5 17. Be3 O-O 18. Bxc6
Bxd4 19. Bxb7 Bxe3+ 20. Qxe3 Bxb7 21. Rxb7 Nc6 $13) 16... fxe3 17. Qxe3 O-O 18.
Bxc6 Nxc6 19. Rb5 Qa6 20. Rxd5 $15 1/2-1/2

[Event "Reykjavik op"]
[Site "Reykjavik"]
[Date "2019.04.14"]
[Round "7"]
[White "Firouzja, Alireza"]
[Black "Lupulescu, Constantin"]
[Result "0-1"]
[WhiteElo "2669"]
[BlackElo "2634"]
[Annotator "Firouzja,A"]
[PlyCount "62"]
[EventDate "2019.04.08"]
[EventType "swiss"]
[EventRounds "9"]
[EventCountry "ISL"]
[SourceTitle "CBM 189 Extra"]
[Source "ChessBase"]
[SourceDate "2019.06.03"]
[SourceVersion "1"]
[SourceVersionDate "2019.06.03"]
[SourceQuality "1"]

{This was a very important game for the whole championship.} 1. e4 e6 2. d4 d5
3. Nc3 Nf6 4. e5 Nfd7 5. f4 c5 6. Nf3 Nc6 7. Be3 {Of course this is a very
risky line for White, but I was really in the mood for a fighting game.} Be7 8.
Qd2 O-O 9. dxc5 Qa5 $5 10. O-O-O b6 {Having checked this line after the game,
I find it very remarkble that he managed to do such big bluff.} 11. Bb5 Nb4 12.
a3 bxc5 13. Bxd7 $2 {After this move White is lost.} (13. Kb1 $1 Rb8 14. axb4
cxb4 15. Nxd5 exd5 16. Bxd7 (16. Nd4 $5 Nxe5 $1 17. fxe5 Rxb5 18. Nxb5 Qxb5 19.
Qxd5 Qa6 $13 {[%cal Gc8e6,Gf8c8]}) 16... Bxd7 17. Qxd5 Qxd5 18. Rxd5 Bc6 19.
Ra5 Rfc8 20. Rc1 $14 {I think White is better here, although it is not easy to
convert the advantage.}) 13... Bxd7 14. axb4 cxb4 15. Nb1 Rfc8 {It's very hard
to find counterplay for White.} 16. Nd4 Qa2 17. f5 $5 {i think this is the
most interesting try} exf5 18. Rhf1 a5 $1 {Black just slowly pushes the
queenside pawns, and White has no counterplay on the kingside.} 19. Nxf5 Bxf5
20. Rxf5 a4 21. Bd4 a3 $6 {From here he started to go a little bit wrong.} (
21... b3 $1 22. c3 a3 23. bxa3 Bxa3+ 24. Nxa3 Qa1+ 25. Nb1 Ra2 $19) 22. e6 $1
f6 23. Qd3 b3 24. Rf2 Ra4 $1 {A very hard move to find over the board.} 25. c3
Rxd4 26. Qxd4 Bc5 27. Qd2 Bxf2 $4 (27... axb2+ 28. Qxb2 Bxf2 {We both were in
very very big time trouble, so he missed this simple thing.}) 28. Qxf2 Qa1 29.
e7 $4 {And here I missed my only chance in this game.} (29. Rxd5 $1 a2 30. Qf5
$11) 29... a2 30. e8=Q+ (30. Qf5 Rxc3+ {I missed this move when I played 29.e7.
} 31. Kd2 (31. bxc3 axb1=Q+ 32. Qxb1 Qxc3+ 33. Qc2 Qxc2#) 31... Qxb2+ 32. Ke1
Re3+ 33. Kf1 Qe2+ 34. Kg1 Qxd1+ $19) 30... Rxe8 31. Qf5 d4 {My opponent played
a really fascinating game, and congratulations to him on winning such big
event. I manged to win my next two rounds and got the 2nd place at the end.}
0-1

[Event "EU-chT (Men) 18th"]
[Site "Porto Carras"]
[Date "2011.11.09"]
[Round "7.3"]
[White "Vajda, Levente"]
[Black "Fridman, Daniel"]
[Result "0-1"]
[WhiteElo "2584"]
[BlackElo "2661"]
[Annotator "Fridman,D"]
[PlyCount "68"]
[EventDate "2011.11.03"]
[EventType "team-swiss"]
[EventRounds "9"]
[EventCountry "GRE"]
[SourceTitle "CBM 146"]
[Source "ChessBase"]
[SourceDate "2012.01.18"]
[SourceVersion "1"]
[SourceVersionDate "2012.01.18"]
[SourceQuality "1"]
[WhiteTeam "Romania"]
[BlackTeam "Germany"]
[WhiteTeamCountry "ROU"]
[BlackTeamCountry "GER"]

{Die Partie verlief schon ab der Eröffnung sehr günstig für mich. Nach einigen
Ungenauigkeiten konnte ich einen direkten Angriff auf den gegnerischen König
starten und einen schönen Sieg, der zum Matchgewinn führte, feiern.} 1. e4 e6
2. d4 d5 3. Nc3 {Mein Gegner spielte viel öfter 3.Nd2.} Nf6 4. e5 Nfd7 5. f4 c5
6. Nf3 Nc6 7. Be3 Qb6 {Ich habe diese Variante gewählt, weil ich dachte, dass
mein Gegner, der meistens die 3.Nd2-Variante spielt, sich nicht sehr gut
auskennen wird.} 8. Na4 {Die Hauptvariante. Außerdem möglich: das solide 8.a3
und das Bauernopfer 8.Qd2.} (8. a3 cxd4 9. Nxd4 Bc5 10. Na4 Qa5+ 11. c3 Nxd4
12. Bxd4 Bxd4 13. Qxd4 b6) (8. Qd2 Qxb2 9. Rb1 Qa3 10. Bb5) 8... Qa5+ 9. c3 b6
{Eine seltene Variante. Meistens spielt man 9...cxd4 oder 9...c4.} (9... cxd4
10. b4 Nxb4 11. cxb4 Bxb4+ 12. Bd2) (9... c4 10. b4 Qc7 (10... Qa6)) 10. Kf2 {
Der Hauptzug hier ist 10.Bd2!, darauf muss Schwarz mit 10...c4 antworten und
nach 11.b4 kann man entweder mit 11...Nxb4 eine Figur opfern oder mit 11...Qa6
oder 11...Qb5 eine geschlossene Struktur wählen.} (10. Bd2 c4 11. b4 Qb5 (11...
Qa6) (11... Nxb4 $5 12. cxb4 Bxb4)) 10... Ba6 {In dieser Stellung ist es
besser, 11.b4 auszuprobieren.} 11. dxc5 (11. b4 cxb4 12. cxb4 Nxb4 $8 (12...
Bxb4 $2 13. a3 $1 $18) 13. a3 Nd3+ 14. Bxd3 Bxd3 15. Nxb6 Nxb6 16. Qxd3 Nc4 $11
{mit ungefähr ausgeglichener Stellung.}) 11... Bxf1 12. b4 (12. Rxf1 $2 b5 $17)
12... Be2 $1 {Ein wichtiger Zwischenzug.} 13. Kxe2 {Nach dem Textzug kann
Schwarz ein wichtiges Tempo gewinnen.} ({Nach} 13. bxa5 Bxd1 14. Rhxd1 b5 {
fällt der weiße Damenflügel auseinander.} 15. Nb2 Nxc5 $15) 13... Qb5+ 14. Kf2
bxc5 15. a3 a5 {Man zwingt Weiß damit, auf c5 zu schlagen und damit die
Struktur zu schwächen. Die schwarzen Figuren kommen mit Tempo ins Spiel.
Zuerst war ich ein wenig besorgt, dass Weiß nach 16.Qc2 mit taktischen Mitteln
noch die Spannung am Damenflügel halten könnte. Nach einiger Berechnung konnte
ich aber feststellen, dass ich in fast allen Varianten einfach den Bauern b4
nehmen kann.} 16. bxc5 (16. Qc2 axb4 17. axb4 cxb4 18. Rhb1 Be7 19. cxb4 Nxb4
$17) 16... Nxc5 {Ein wichtiges Moment in der Partie. Ich habe sehr lange
nachgedacht, womit ich auf c5 schlagen soll. Ich bin zum Ergebnis gekommen,
dass der Springer auf a4 ziemlich gut ist und ich versuchen müsste, den
Springer zu tauschen.} (16... Bxc5 17. Nd4 Qc4 18. Nb2 Qa6 19. Qd3 {mit guten
Chancen auf Ausgleich.}) 17. Bxc5 (17. Nxc5 Bxc5 18. Qe2 (18. Nd4 Nxd4 19. cxd4
Bxa3 $1 $15 {Diese Variante machte mir am meisten Sorgen, da ich 19...Ba3!
nicht gesehen hatte.}) 18... Bxe3+ 19. Qxe3 O-O $15 {Dank der besseren
Struktur besitzt Schwarz eindeutigen Vorteil.}) 17... Bxc5+ 18. Kg3 Ba7 $1 {
Es ist wichtig, den Läufer zu behalten, da er die Fluchtmöglichkeiten des
weißen Königs kontrolliert.} (18... O-O $6 19. c4 $1 dxc4 (19... Qxc4 $4 20.
Rc1 $18) 20. Rb1 Bb4 $13) 19. Rb1 Qc4 20. Qb3 {20.Nb6 war eine viel bessere
Option und vor allem eine sichere, obwohl auch danach Schwarz besser steht.} (
20. Nb6 Bxb6 21. Rxb6 O-O $15) 20... Qe4 21. Qb7 O-O {Dieses Figurenopfer war
nicht schwer. Der weiße König ist sehr schwach und alle Figuren unkoordiniert.}
22. Qxc6 Be3 23. Kh3 Qxf4 24. Rhf1 Qh6+ 25. Kg3 Rac8 26. Qd7 Rc4 27. h4 Qf4+
28. Kh3 Qg4+ {Es gibt bestimmt andere Gewinnmöglichkeiten, aber man muss auf
jeden Fall bis zum Ende aufmerksam bleiben. Das nahliegende 28...Ra4 führte
nach 29.Nd4 zu unklarem Spiel.} (28... Rxa4 $4 29. Nd4 $1 Rxd4 30. Rxf4 Rxf4
$13) 29. Kh2 Rxa4 30. g3 Rxa3 31. Ng5 Ra2+ 32. Kh1 Rf2 {Sogar hier muss man
noch aufpassen. Das gierige 32...Bxg5 führt plötzlich zum Matt.} (32... Bxg5 $4
33. Qxf7+ $1 Rxf7 34. Rb8+ {usw.}) 33. Rxf2 Bxf2 34. Qd6 Qxg3 {Mein Gegner
konnte noch einen letzten Trick versuchen, hat aber geglaubt, dass ich 37...
Ke8 finden werde.} (34... Qxg3 35. Qxf8+ Kxf8 36. Rb8+ Ke7 37. Rb7+ Ke8 $19 (
37... Kd8 $4 38. Nxf7+ $11)) 0-1